00270nam a2200109Ia 4500008004100000100001800041245004300059260002000102260000900122546001200131999001700143170619s9999 xx 000 0 und d aDavid- Fred R 0aStrategic management concept and cases bNew Delhi P H I c2006 aENGLISH c22183d22183